| 000 | 01038nam a2200253 i 4500 | ||
|---|---|---|---|
| 001 | 97042 | ||
| 003 | ES-MaACL | ||
| 005 | 20251030140118.0 | ||
| 007 | t| | ||
| 008 | 050705s1918 sp l |||| | spa d | ||
| 110 | 1 |
_aEspaña _93622 |
|
| 243 | 1 | 0 | _aLeyes, etc., laborales |
| 245 | 1 | 0 |
_aManual de legislación obrera. _nI, _pAccidentes de trabajo, asociación, contratos de aprendizaje y de trabajo : reglamentación del trabajo, descanso dominical, enseñanza obrera (educación popular). |
| 260 |
_aMadrid : _bSobrinos Sucesores de Minuesa de los Ríos, _c1918. |
||
| 300 |
_a3 h., 1012 p. ; _c20 cm. |
||
| 530 | _aDisponible en formato digital. | ||
| 594 | _aPrecede al tít.: Instituto de Reformas Sociales, Sección 1ª. | ||
| 650 | 0 | 4 |
_aDerecho laboral- _zEspaña _911726 |
| 710 | 2 |
_aInstituto de Reformas Sociales (España) _95000 |
|
| 852 |
_aES-MaACL _jB-13688 _cSPB |
||
| 856 | 4 |
_uhttp://bdh-rd.bne.es/viewer.vm?id=0000188249&page=1 _yBiblioteca Digital Hispánica |
|
| 942 | _2udc | ||
| 999 |
_c97042 _d97042 |
||